000 01194pam a2200361 i 4500
001 vtls000739561
003 PNM
005 20200716145550.0
008 160506t20142013my ao j 000 0 may
015 _aM14-10467
020 _a9789674305567
_qset
020 _a9789674305482
_qpaperback
_cRM15.00
039 9 _a201605062344
_bVLOAD
_c201412241627
_dhabirah
_c201412241620
_dhabirah
_c201409221206
_damy_z
040 _aBNM
_beng
_cBNM
_erda
_dPPAK
049 _amal
082 0 4 _a531.6078
_223
090 0 0 _a531.6078
_bUJI
_dK
245 0 0 _aUJI KAJI dengan TENAGA /
_cPenterjemah Nur Ain Hafiza Mat Jusoh
246 3 3 _iTranslation of:
_aExperiments with energy
264 1 _aKuala Lumpur :
_bInstitut Terjemahan & Buku Malaysia,
_c2014
264 4 _c©2013
300 _a26 pages :
_bcolour illustrations, colour photographs ;
_c28 cm
336 _atext
_2rdacontent
337 _aunmediated
_2rdamedia
338 _avolume
_2rdacarrier
490 1 _aSIRI UJI KAJI ITBM
650 1 0 _aEnergy
_xExperiments
_vJuvenile literature
700 0 _aNur Ain Hafiza Mat Jusoh,
_etranslator.
830 0 _aSiri uji kaji ITBM
942 _2ddc
_cB
949 _63000034427
949 _63000034426
999 _c178283
_d178283